000 00988nam a2200289 i 4500
003 DO-SdBNP
005 20250522101846.0
007 ta
008 250522b2025 dr ||||| |||| 00| 0 spa d
020 _a9789945649628
040 _aDO-SdBNP
_bspa
_cBNPHU
_erda
041 _aspa
082 4 _222
_axxx
_bxxx
100 _aMorel Pérez, Juan Manuel,
_eautor
_4aut.
_987627
245 1 0 _aReflexiones sobre derechos humanos :
_buna contribución a la educación sobre el tema /
_cJuan Manuel Morel Pérez ; prólogo, Susanna Pozzolo
250 _aPrimera edición
264 4 _aSanto Domingo :
_bPrintbarato,
_c©2025.
300 _a128 páginas ;
_c22 cm.
336 _atexto
_btxt
_2rdacontent
337 _asin mediación
_bn
_2rdamedia
338 _avolumen
_bnc
_2rdacarrier
500 _aIncluye datos biográficos del autor en la contracubierta
590 _aInventariado, 2025/BT
700 1 _aPozzolo, Susanna,
_eprologuista
_4pr.
_987855
910 _aBtavárez
942 _2ddc
_cLBS1
999 _c58903
_d58903